|
|
|
|
| LEADER |
00000cac a2200000 a 4500 |
| 003 |
Ucuenca |
| 005 |
20230308155410.0 |
| 008 |
953061|1944 sp |||||r|||||||||||spa|| |
| 040 |
|
|
|b spa
|
| 041 |
0 |
|
|a es
|
| 082 |
0 |
|
|a 355
|
| 100 |
1 |
|
|9 6335
|a García de Palacio, Diego
|
| 245 |
|
|
|a Diálogos militares
|c Diego García de Palacio
|h imp
|n tomo 7
|
| 264 |
|
|
|a Madrid
|b Ediciones Cultura Hispánica
|c 1944
|
| 300 |
|
|
|a 197 páginas:
|c 28 cm
|
| 490 |
|
|
|a Colección de Incunables Americanos Siglo XVI
|
| 650 |
|
0 |
|a Ciencia militar
|9 12672
|
| 650 |
|
0 |
|a Dialogos militares
|9 11479
|
| 852 |
|
|
|a UC-CDJBV
|
| 852 |
|
|
|a UC-CDJBV
|
| 942 |
|
|
|c CR
|2 ddc
|z erika.penafielv@ucuenca.edu.ec
|
| 999 |
|
|
|c 5717
|d 5717
|